Estate finance and business management

Bibliographic Details
Main Author: Miles, C.W.N
Format: Book
Published: London : The Estate Gazzette Limited , 1972
Edition:3rd. edition
Subjects:

MARC

LEADER 00000cam a2200000 7i4500
001 0000008038
005 20151112.0
020 |a 090036131x 
040 |a INS 
090 0 0 |a S561   |b M55 1972 
100 1 |a Miles, C.W.N. 
245 1 0 |a Estate finance and business management   |c C.W.N. Miles 
250 |a 3rd. edition 
260 |a London :   |b The Estate Gazzette Limited ,   |c 1972 
300 |a 234p. ;   |c 23 cm. 
650 0 |a State farm agriculture   |x Accounting 
650 0 0 |a Business 
650 0 0 |a Estate   |x Finance 
999 |a 0000022838   |b BOOK   |c Open Shelf   |e Default branch 
999 |a 0000022848   |b BOOK   |c Open Shelf   |e Default branch 
999 |a 0000023366   |b BOOK   |c Open Shelf   |e Default branch 
999 |a 0000024794   |b BOOK   |c Open Shelf   |e Default branch